| 000 | 01364nam2a22002651 4500 | ||
|---|---|---|---|
| 001 | rc\4456869 | ||
| 005 | 20130416162600.9 | ||
| 035 | _a(NLR Aleph) 008321980 | ||
| 090 |
_a8762728 _c8762728 |
||
| 100 | _a20130416g19671968|||y0rusy50 ca | ||
| 101 | 0 | _arus | |
| 102 | _aRU | ||
| 105 | _ay z ||||| | ||
| 200 | 1 |
_aРазвитие народного хозяйства и культуры Юго-Осетинской автономной области _eСборник документов и материалов (1930-1940 гг.) _fСост. И.Н. Цховребов, Е.В. Тедиашвили, А.В. Джиоева [и др. _gВвед. И.Н. Цховребова] |
|
| 210 | _d1967 (вып. дан. 1968) | ||
| 215 | _a541 с. | ||
| 461 | 0 |
_1001rc\4456867 _12001#$aИстория Юго-Осетии в документах и материалах$fПод ред. Цомая В.А. Т. 1-$gЮго-осет. науч.-исслед. ин-т АН Груз. ССР. Парт. архив Юго-Осет. обкома КП Грузии. Архивный отд. УВД Юго-Осетии$vТ. 2 |
|
| 702 | 1 |
_aТедиашвили _bЕ. В. _4220 |
|
| 702 | 1 |
_aДжиоева _bА. В. _4220 |
|
| 702 | 1 |
_aЦховребов _bИ. Н. _4220 _4080 |
|
| 801 | 0 |
_aRU _bNLR _gpsbo |
|
| 801 | 1 |
_aRU _bELAR _2rusmarc |
|
| 852 |
_aNLR _j64-5/5202 |
||
| 942 | _cBOOK | ||
| 980 | _aNB | ||